Municipalities of the Province of Rimini (Italy) - Statistics

General Stats
  • This quiz has been taken 19 times
  • The average score is 10 of 27
Answers on the Map
Answers color-coded by a green-red scale on the quiz's map according to % correct below.
 
Answer Stats
Comune % Correct
Riccione
94%
RIMINI
94%
Bellaria-Igea Marina
75%
Misano Adriatico
75%
Cattolica
69%
San Leo
56%
Santarcangelo di Romagna
56%
Novafeltria
44%
Verucchio
44%
Coriano
38%
Montescudo - Monte Colombo
38%
Morciano di Romagna
38%
Pennabilli
38%
Gemmano
31%
San Giovanni in Marignano
25%
Maiolo
19%
Mondaino
19%
Montefiore Conca
19%
Montegridolfo
19%
Saludecio
19%
Sant'Agata Feltria
19%
Sassofeltrio
19%
Casteldelci
13%
Poggio Torriana
13%
San Clemente
13%
Talamello
13%
Montecopiolo
6%
No matching quizzes found
Score Distribution
Percent of People with Each Score
Percentile by Number Answered
Your Score History
You have not taken this quiz